| 000 | 00714nam a22001337a 4500 | ||
|---|---|---|---|
| 040 | _cRUA | ||
| 082 | _aAGR TAT 2016 B663 Or.1 | ||
| 100 | _aTAT RATANA តាត រត្ននា | ||
| 245 | _apesticide utilization on dry season rice in break ambel commune, saang district, kandal province ការប្រើប្រាស់ថ្នាំកសិកម្មលើដំណាំស្រូវប្រាំងនៅឃុំព្រៃកអំបិល ស្រុកស្អាង ខេត្តកណ្តាល | ||
| 260 |
_aRUA _bphnom penh _c2016 |
||
| 300 |
_ax,43p _bill; _c29cm |
||
| 856 | _uhttps://drive.google.com/file/d/1eXxGBT8UiPmfagMvXqheC_uGPpafH_X5/view?usp=sharing | ||
| 942 | _cAGR | ||
| 999 |
_c19199 _d19199 |
||